Normal view
MARC view
Entry Personal Name
001 - CONTROL NUMBER
- control field: 73247
003 - CONTROL NUMBER IDENTIFIER
- control field: OSt
005 - DATE AND TIME OF LATEST TRANSACTION
- control field: 20181118131639.0
008 - FIXED-LENGTH DATA ELEMENTS
- fixed length control field: 181118|| aca||aabn | a|a d
040 ## - CATALOGING SOURCE
- Original cataloging agency: OSt
- Transcribing agency: OSt
100 ## - HEADING--PERSONAL NAME
- Personal name: H.S.sidhu
670 ## - SOURCE DATA FOUND
- Source citation: Work cat.: (OSt): H.S.sidhu , Esencia current Affairs , 2018









